[Event "8th Sunway Sitges 2021"]
[Site "Sitges ESP"]
[Date "2021.12.19"]
[Round "6.39"]
[White "Van Dael, Siem"]
[Black "Stefanova, Antoaneta"]
[Result "1-0"]
[WhiteTitle "FM"]
[BlackTitle "GM"]
[WhiteElo "2300"]
[BlackElo "2469"]
[WhiteFideId "1049771"]
[BlackFideId "2902257"]
[EventDate "2021.12.13"]

1. e4 e5 2. Nf3 Nc6 3. Bc4 Bc5 4. c3 Nf6 5. d4 exd4 6. cxd4 Bb4+ 7. Nbd2 Nxe4 8.
d5 Ne7 9. O-O Nd6 10. Bd3 c5 11. a3 Ba5 12. b4 cxb4 13. axb4 Bxb4 14. Bb2 f6 15.
Ra4 a5 16. Qa1 Nxd5 17. Ne4 Nxe4 18. Bxe4 Nc7 19. Qb1 d5 20. Bxh7 Be6 21. Rc1
Bf7 22. Bf5 Nb5 23. Nd4 Nxd4 24. Bxd4 Qd6 25. g3 b6 26. Bc3 Bc5 27. Bd4 Bxd4 28.
Rxd4 Kf8 29. Rcd1 Qc5 30. Bg6 Rd8 31. h4 Rh6 32. h5 Bxg6 33. hxg6 Rh5 34. g4 Re5
35. Qb3 Rg5 36. Qd3 Rc8 37. Qh3 Rxg6 38. Rxd5 Qc4 39. R5d4 Qc3 40. Qh5 Qc2 41.
Qh8+ Kf7 42. Rd7+ Ke6 43. R1d6+ Ke5 44. Qh2+ 1-0

[Event "8th Sunway Sitges 2021"]
[Site "Sitges ESP"]
[Date "2021.12.19"]
[Round "6.40"]
[White "Samoun, Florent"]
[Black "Quintiliano Pinto, Renato R."]
[Result "0-1"]
[WhiteTitle "FM"]
[BlackTitle "IM"]
[WhiteElo "2247"]
[BlackElo "2466"]
[WhiteFideId "664995"]
[BlackFideId "2117568"]
[EventDate "2021.12.13"]

1. Nf3 Nf6 2. c4 e6 3. Nc3 d5 4. d4 c6 5. e3 Nbd7 6. Bd3 dxc4 7. Bxc4 b5 8. Be2
Bb7 9. O-O a6 10. b3 c5 11. Bb2 Rc8 12. Rc1 Bd6 13. dxc5 Bxc5 14. a3 Qe7 15. b4
Bd6 16. a4 bxa4 17. Qxa4 O-O 18. b5 a5 19. Nd4 Bb4 20. Nc6 Bxc6 21. bxc6 Nc5 22.
Qb5 Qd6 23. Bf3 Rb8 24. Qe2 Nd5 25. Nxd5 exd5 26. Rfd1 Qxc6 27. Rxd5 Qg6 28. h4
Ne6 29. Be5 Rbd8 30. h5 Qh6 31. Rxd8 Rxd8 32. Qc4 Qg5 33. Bb2 h6 34. Rd1 Rxd1+
35. Bxd1 Qd8 36. Qc2 Bf8 37. Be2 a4 38. Qc3 Qd6 39. Bg4 a3 40. Ba1 Nc7 41. Qd4
Qc6 42. Bf3 Qb5 43. g4 Ne6 44. Qc3 Ng5 45. Kg2 Nxf3 46. Kxf3 f5 47. g5 hxg5 48.
h6 Qb7+ 49. Ke2 Qa6+ 50. Kd2 Qxh6 51. Qc4+ Kh7 52. Qf7 Bb4+ 53. Kc2 Qg6 54. Qb7
Bf8 55. Qd5 f4+ 56. e4 g4 57. Bd4 g3 58. fxg3 fxg3 59. Kb3 Qg4 60. Bg1 Be7 61.
Ka4 a2 62. Qxa2 Qxe4+ 63. Kb5 Qb7+ 64. Kc4 Qc6+ 65. Kd3 Qf3+ 66. Be3 Bg5 0-1

[Event "8th Sunway Sitges 2021"]
[Site "Sitges ESP"]
[Date "2021.12.19"]
[Round "6.41"]
[White "Fernandez, Maria Florencia"]
[Black "Mohammad, Nubairshah Shaikh"]
[Result "0-1"]
[WhiteTitle "WIM"]
[BlackTitle "IM"]
[WhiteElo "2229"]
[BlackElo "2429"]
[WhiteFideId "116459"]
[BlackFideId "5053196"]
[EventDate "2021.12.13"]

1. d4 Nf6 2. c4 c5 3. d5 b5 4. cxb5 a6 5. bxa6 g6 6. Nc3 Bg7 7. e4 O-O 8. Nf3
Qa5 9. Bd2 d6 10. Be2 Bxa6 11. O-O Qb4 12. Bxa6 Nxa6 13. Qc2 Rfb8 14. Rab1 Nd7
15. Bg5 Kf8 16. Rfe1 Nc7 17. h4 Ne5 18. Nxe5 Bxe5 19. h5 Qc4 20. Qd2 Rb7 21.
Rbc1 Qb4 22. Rc2 Qa5 23. Re2 Na6 24. a3 Rab8 25. Bf4 Bxc3 26. bxc3 Rb1+ 27. Kh2
f6 28. Qd3 Qb5 29. Qh3 g5 30. Be3 Qd3 31. Qf5 Qd1 32. Kg3 Qh1 33. Qg4 Nc7 34. f4
gxf4+ 35. Bxf4 Kf7 36. Qf5 Rg8+ 37. Kf3 Rf1+ 38. Ke3 Rg3+ 39. Bxg3 Rxf5 40. exf5
Nxd5+ 41. Ke4 Nb6 42. c4 Qb1 43. Kd3 Qb3+ 44. Rc3 Qd1+ 45. Rd2 Qf1+ 46. Kc2
Qxf5+ 47. Kb3 Qb1+ 48. Rb2 Qd1+ 49. Rbc2 d5 50. cxd5 Qxd5+ 51. Kb2 Na4+ 52. Kc1
Nxc3 53. Rxc3 Qxh5 54. Kb2 Qd5 55. a4 Qxg2+ 56. Ka3 Qd2 57. Kb3 Qd1+ 58. Ka3
Qa1+ 59. Kb3 Qb1+ 0-1

[Event "8th Sunway Sitges 2021"]
[Site "Sitges ESP"]
[Date "2021.12.19"]
[Round "6.42"]
[White "Crevatin, Leo"]
[Black "Boyer, Mahel"]
[Result "1-0"]
[WhiteTitle "CM"]
[BlackTitle "IM"]
[WhiteElo "2238"]
[BlackElo "2427"]
[WhiteFideId "1726307"]
[BlackFideId "45102422"]
[EventDate "2021.12.13"]

1. d4 Nf6 2. c4 c5 3. d5 e6 4. Nc3 exd5 5. cxd5 d6 6. e4 g6 7. h3 Bg7 8. Bd3 a6
9. a4 Nbd7 10. Nge2 O-O 11. O-O Re8 12. Ng3 Qc7 13. Bg5 h6 14. Be3 h5 15. Bg5
Nh7 16. Bh4 c4 17. Bc2 Nc5 18. Qd2 Bd7 19. Kh1 b5 20. f4 b4 21. Nd1 c3 22. bxc3
b3 23. Bb1 Bxa4 24. e5 dxe5 25. f5 e4 26. d6 Qc6 27. fxg6 fxg6 28. Rxa4 e3 29.
Nxe3 Qxa4 30. Qd5+ Kh8 31. Be7 Nd7 32. Bxg6 Qb5 33. Qxb5 axb5 34. Bxe8 Rxe8 35.
Rb1 Nc5 36. Nd5 Nf8 37. Ne2 Ra8 38. Nd4 Ra3 39. Nxb5 Ra2 40. Bxf8 Bxf8 41. d7
Nxd7 42. Rxb3 Bg7 43. Rb1 Be5 44. Ne7 Kh7 45. Nd4 Nf6 46. Nef5 Ne4 47. Re1 Nf2+
48. Kg1 Nd3 49. Rd1 Nf4 50. Ne3 Kg6 51. Kf1 h4 52. Nf3 Bf6 53. c4 Ne2 54. Nd5
Bd8 55. c5 Ng3+ 56. Kg1 Rc2 57. Nf4+ Kf5 58. Nd4+ Kxf4 59. Nxc2 Be7 60. c6 Bc5+
61. Kh2 Bb6 62. Nd4 Ke3 63. Ne6 Ke2 64. Rb1 Kf2 65. c7 Be3 66. c8=Q 1-0

[Event "8th Sunway Sitges 2021"]
[Site "Sitges ESP"]
[Date "2021.12.19"]
[Round "6.43"]
[White "Torngren, Gustav"]
[Black "Molina, Roberto Junio Brito"]
[Result "0-1"]
[WhiteTitle "FM"]
[BlackTitle "IM"]
[WhiteElo "2228"]
[BlackElo "2420"]
[WhiteFideId "1728970"]
[BlackFideId "2109450"]
[EventDate "2021.12.13"]

1. d4 d5 2. c4 dxc4 3. e4 Nc6 4. Be3 e5 5. d5 Nce7 6. Nf3 Ng6 7. h4 h5 8. Bxc4
a6 9. Nbd2 Nf6 10. Bg5 Be7 11. Qa4+ Nd7 12. g3 O-O 13. Be2 f6 14. Be3 Nh8 15.
Nh2 g6 16. g4 hxg4 17. Nxg4 Nf7 18. O-O-O Kh7 19. Qc2 Bd6 20. Rdg1 Qe7 21. Nf1
Rg8 22. f4 exf4 23. e5 Ndxe5 24. h5 Kg7 25. hxg6 Ng5 26. Rh7+ Nxh7 27. gxh7 Bxg4
28. Bxg4 Rgf8 29. Be6+ Kh8 30. Bd4 Nf3 31. Rg8+ Rxg8 32. hxg8=Q+ Rxg8 33. Bf2
Rg7 34. Qe2 Ne5 35. Bh4 Rh7 36. Qg2 Rg7 37. Qh3 Rh7 38. Qg2 Nf7 39. Qg6 Be5 40.
Bf2 Qf8 41. Nd2 Qg7 42. Qd3 Rh1+ 43. Kc2 Nd6 44. Kb3 Qg2 45. Bd4 Qg3 0-1

[Event "8th Sunway Sitges 2021"]
[Site "Sitges ESP"]
[Date "2021.12.19"]
[Round "6.44"]
[White "Priyanka, Nutakki"]
[Black "Fernandez Guillen, Ernesto J."]
[Result "1-0"]
[WhiteTitle "WIM"]
[BlackTitle "IM"]
[WhiteElo "2187"]
[BlackElo "2411"]
[WhiteFideId "25049615"]
[BlackFideId "3512428"]
[EventDate "2021.12.13"]

1. d4 Nf6 2. c4 e6 3. Nf3 d5 4. Nc3 c6 5. e3 Nbd7 6. Qc2 Bb4 7. Bd3 O-O 8. O-O
a6 9. b3 Qe7 10. Bb2 Ba3 11. e4 Bxb2 12. Qxb2 dxc4 13. Bxc4 b5 14. Bd3 e5 15.
Rad1 exd4 16. Nxd4 Ne5 17. Bb1 c5 18. Nf5 Bxf5 19. exf5 Rad8 20. Rde1 Qc7 21.
Nxb5 Nf3+ 22. gxf3 axb5 23. Qe5 Qb6 24. Rd1 c4 25. Bc2 Qc6 26. bxc4 bxc4 27. Qc3
Nd5 28. Qa5 Nb6 29. Be4 Qf6 30. Rxd8 Rxd8 31. Rb1 Nc8 32. Qc7 c3 33. a4 h6 34.
a5 Nd6 35. Rd1 Qg5+ 36. Kh1 Kh7 37. Rxd6 Qc1+ 38. Kg2 Qg5+ 39. Kf1 Qc1+ 40. Ke2
Qb2+ 41. Ke3 Qc1+ 42. Kd4 Rxd6+ 43. Qxd6 c2 44. f6+ g6 45. Bxc2 Qxc2 46. a6 Qd2+
47. Kc5 Qa5+ 48. Kc6 Qxa6+ 49. Kd7 Qe2 50. Qd5 Kg8 51. Qa8+ Kh7 52. Qe8 Qc4 53.
Ke7 Qc7+ 54. Kf8 Kh8 55. f4 h5 56. h4 Qb7 57. Qxf7 Qb4+ 58. Qe7 Qb8+ 59. Qe8 Qc7
60. f5 Qb7 61. fxg6 1-0

[Event "8th Sunway Sitges 2021"]
[Site "Sitges ESP"]
[Date "2021.12.19"]
[Round "6.45"]
[White "Vaishali, R"]
[Black "Dalaud, Dorian"]
[Result "1-0"]
[WhiteTitle "IM"]
[BlackTitle "FM"]
[WhiteElo "2401"]
[BlackElo "2275"]
[WhiteFideId "5091756"]
[BlackFideId "36093270"]
[EventDate "2021.12.13"]

1. e4 c5 2. Nf3 Nc6 3. Bb5 g6 4. O-O Bg7 5. c3 Nf6 6. Re1 O-O 7. h3 e5 8. d4
cxd4 9. cxd4 Nxd4 10. Nxd4 Qb6 11. Nc2 Qxb5 12. Nc3 Qc5 13. Bg5 h6 14. Bxf6 Bxf6
15. Qd3 d6 16. Nd5 Bd8 17. Rac1 Be6 18. b4 Qc6 19. Nd4 Qd7 20. Nb5 Bxd5 21. Qxd5
Bb6 22. Red1 Rfd8 23. a4 Rac8 24. a5 Rxc1 25. Rxc1 Bc5 26. Qc4 Rc8 27. Kh2 Rc6
28. Rf1 a6 29. Na3 Bxf2 30. Qa2 Be3 31. b5 Rc3 32. bxa6 bxa6 33. Nc2 Bf4+ 34.
Kg1 Rg3 35. Nb4 Qxh3 36. Nd5 Qg4 37. Nf6+ 1-0

[Event "8th Sunway Sitges 2021"]
[Site "Sitges ESP"]
[Date "2021.12.19"]
[Round "6.46"]
[White "Ali, Muhammad Lutfi"]
[Black "Rajarishi, Karthi"]
[Result "1-0"]
[WhiteTitle "IM"]
[BlackTitle "CM"]
[WhiteElo "2399"]
[BlackElo "2207"]
[WhiteFideId "7103743"]
[BlackFideId "5092523"]
[EventDate "2021.12.13"]

1. e4 e6 2. d4 d5 3. Nc3 Bb4 4. e5 c5 5. a3 Bxc3+ 6. bxc3 Qc7 7. Qg4 Ne7 8. Bd3
cxd4 9. Ne2 dxc3 10. Qxg7 Rg8 11. Qxh7 Qxe5 12. h4 Nbc6 13. Bf4 Qf6 14. Bg5 Qe5
15. f4 Qc7 16. h5 Bd7 17. h6 O-O-O 18. Qxf7 Rdf8 19. Qh5 Nf5 20. h7 Rh8 21. Qg6
Kb8 22. Bxf5 exf5 23. Bf6 Be8 24. Qg7 Qb6 25. Qxh8 Rxh8 26. Bxh8 Qe3 27. Bxc3 1-0

[Event "8th Sunway Sitges 2021"]
[Site "Sitges ESP"]
[Date "2021.12.19"]
[Round "6.47"]
[White "Jaferian, Koosha"]
[Black "Daulyte-Cornette, Deimante"]
[Result "1/2-1/2"]
[BlackTitle "IM"]
[WhiteElo "2179"]
[BlackElo "2398"]
[WhiteFideId "12507440"]
[BlackFideId "12802859"]
[EventDate "2021.12.13"]

1. d4 d5 2. c4 e6 3. Nf3 Nf6 4. Nc3 Bb4 5. cxd5 exd5 6. Bg5 h6 7. Bh4 O-O 8. e3
Bf5 9. Be2 Nbd7 10. Qb3 Bxc3+ 11. Qxc3 c6 12. Nd2 Re8 13. O-O Nf8 14. b4 Re6 15.
Bg3 N8h7 16. Rfc1 Qe8 17. a4 Ng5 18. Qb3 Nge4 19. Nxe4 Nxe4 20. b5 Rc8 21. Qb2
Qe7 22. Ra3 c5 23. dxc5 Rxc5 24. Rxc5 Qxc5 25. Bd3 Re8 26. Bxe4 Rxe4 27. Ra1 Rb4
28. Qd2 Rc4 29. h3 Bc2 30. Qa5 d4 31. Qd8+ Kh7 32. exd4 Rxd4 33. Qb8 Qc3 34. Rc1
Qd2 35. Ra1 Qc3 36. Rc1 Rxa4 37. Qxb7 Qd2 38. Rf1 f6 39. b6 axb6 40. Qxb6 Bd3
41. Qb3 Rb4 42. Rd1 Qxd1+ 43. Qxd1 Rb1 44. Qxb1 Bxb1 1/2-1/2

[Event "8th Sunway Sitges 2021"]
[Site "Sitges ESP"]
[Date "2021.12.19"]
[Round "6.48"]
[White "Domingo Nunez, Ruben"]
[Black "Van Foreest, Machteld"]
[Result "1-0"]
[WhiteTitle "FM"]
[WhiteElo "2395"]
[BlackElo "2189"]
[WhiteFideId "22245570"]
[BlackFideId "1051563"]
[EventDate "2021.12.13"]

1. e4 e5 2. Nf3 Nc6 3. Bc4 Nf6 4. d3 Bc5 5. c3 a6 6. O-O Ba7 7. Nbd2 O-O 8. h3
d6 9. Bb3 Re8 10. Re1 h6 11. Nf1 Be6 12. Bc2 Ne7 13. Ng3 Ng6 14. d4 c6 15. Be3
Qc7 16. Qd2 Rad8 17. Nf5 d5 18. Nxg7 Kxg7 19. Bxh6+ Kg8 20. exd5 Rxd5 21. Nxe5
Nh7 22. Qd3 Bb8 23. Qg3 Nf8 24. f4 Qe7 25. Nxg6 fxg6 26. Bxg6 Rc8 27. Bf5+ Kf7
28. Rxe6 1-0

[Event "8th Sunway Sitges 2021"]
[Site "Sitges ESP"]
[Date "2021.12.19"]
[Round "6.49"]
[White "Guichard, Pauline"]
[Black "Fisabilillah, Ummi"]
[Result "0-1"]
[WhiteTitle "IM"]
[BlackTitle "WIM"]
[WhiteElo "2394"]
[BlackElo "2159"]
[WhiteFideId "639370"]
[BlackFideId "7104804"]
[EventDate "2021.12.13"]

1. d4 Nf6 2. c4 e5 3. dxe5 Ng4 4. e4 Nxe5 5. f4 Ng6 6. Nc3 Bb4 7. Bd3 Bxc3+ 8.
bxc3 O-O 9. Nf3 d6 10. O-O Nd7 11. Be3 Re8 12. Bc2 Nf6 13. Nd2 Bd7 14. Qf3 Bc6
15. Bd4 Nd7 16. Qg3 f6 17. h4 Ngf8 18. h5 h6 19. Rae1 Re7 20. Qg4 Qe8 21. Re3
Kh8 22. Rg3 Qf7 23. Kh2 Rae8 24. c5 f5 25. Qh4 Qxa2 26. Rxg7 Rxg7 27. Bxg7+ Kxg7
28. Qg3+ Kf6 29. Qh4+ Kg7 30. Qg3+ Kf6 31. e5+ dxe5 32. Qh4+ Kg7 33. Qg3+ Kf6
34. fxe5+ Rxe5 35. Qh4+ Kg7 36. Qg3+ Kf6 37. Qd3 Qd5 38. Qg3 Qxd2 39. Rf2 Qg5
40. Qh3 Re3 0-1

[Event "8th Sunway Sitges 2021"]
[Site "Sitges ESP"]
[Date "2021.12.19"]
[Round "6.50"]
[White "Moksh, Amit Doshi"]
[Black "Barath, Kalyan M"]
[Result "1/2-1/2"]
[WhiteTitle "IM"]
[WhiteElo "2368"]
[BlackElo "2103"]
[WhiteFideId "25064967"]
[BlackFideId "25016555"]
[EventDate "2021.12.13"]

1. d4 Nf6 2. c4 e6 3. Nf3 Bb4+ 4. Bd2 Qe7 5. g3 Nc6 6. Nc3 O-O 7. Bg2 d6 8. O-O
a5 9. Rc1 Bxc3 10. Bxc3 e5 11. d5 Nb4 12. Bd2 e4 13. Nd4 c5 14. dxc6 Nxc6 15.
Nb5 d5 16. Bf4 Rd8 17. Nc7 dxc4 18. Qa4 Rb8 19. Qxc4 Bf5 20. Nb5 Rbc8 21. Rfd1
Be6 22. Qa4 Rxd1+ 23. Rxd1 Rd8 24. Nc3 Rxd1+ 25. Qxd1 Qb4 26. Qd2 h6 27. Bd6 e3
28. fxe3 Qb6 29. h3 Qd8 30. e4 Ne5 31. Qd4 Nc6 32. Qc5 Qc8 33. Kh2 Nd7 34. Qb5
f6 35. Nd5 Kh8 36. Nf4 Bf7 37. Nd3 Bxa2 38. b3 Bb1 39. Nf4 Nde5 40. Qc5 Qg8 41.
Qa3 Bc2 42. Nd5 Bd1 43. Qb2 Qe6 44. Ba3 b5 45. Bc5 a4 46. bxa4 bxa4 47. Qb7 Qd7
48. Qa6 Bb3 49. Ne3 Kh7 50. Qb6 Qd2 51. Nf5 Bc4 52. Qb7 Bf7 53. Qa6 Bc4 54. Qb7
Bf7 55. Qa6 Bc4 1/2-1/2

[Event "8th Sunway Sitges 2021"]
[Site "Sitges ESP"]
[Date "2021.12.19"]
[Round "6.51"]
[White "Tanmay, Chopra"]
[Black "Meister, Peter"]
[Result "1-0"]
[BlackTitle "IM"]
[WhiteElo "2221"]
[BlackElo "2359"]
[WhiteFideId "25630946"]
[BlackFideId "4600207"]
[EventDate "2021.12.13"]

1. d4 e6 2. e4 d5 3. Nc3 Nc6 4. e5 Nge7 5. Nf3 Nf5 6. h4 h5 7. Ne2 Be7 8. Nf4 g6
9. Bd3 Rg8 10. c3 Nxh4 11. Nxh4 Bxh4 12. g4 Bd7 13. gxh5 g5 14. h6 gxf4 15. h7
Rh8 16. Qg4 Bg5 17. Bxf4 Bxf4 18. Qg7 1-0

[Event "8th Sunway Sitges 2021"]
[Site "Sitges ESP"]
[Date "2021.12.19"]
[Round "6.52"]
[White "Dhananjay, S"]
[Black "Santarius, Erik"]
[Result "1-0"]
[BlackTitle "IM"]
[WhiteElo "2174"]
[BlackElo "2355"]
[WhiteFideId "5092892"]
[BlackFideId "2025817"]
[EventDate "2021.12.13"]

1. Nf3 d5 2. g3 Nf6 3. Bg2 e6 4. O-O Be7 5. c4 O-O 6. b3 d4 7. e3 c5 8. exd4
cxd4 9. d3 Nc6 10. Re1 Nd7 11. a3 a5 12. Nbd2 e5 13. Qc2 f6 14. Ne4 Ndb8 15. c5
Be6 16. Bd2 Na6 17. Rab1 Nc7 18. b4 Nb5 19. Qc1 axb4 20. Bxb4 Qd7 21. Nfd2 f5
22. Nd6 Bxd6 23. cxd6 Rfc8 24. Nc4 Nxb4 25. Rxb4 e4 26. Qb2 Bxc4 27. Rxc4 Rxc4
28. dxc4 Nc3 29. c5 Qf7 30. Qb4 Ra4 31. Qb6 Qd7 32. f3 e3 33. f4 Ne4 34. c6 bxc6
35. Qb3+ Kf8 36. Qxa4 Qxd6 37. Bxe4 fxe4 38. Qa7 h6 39. Rb1 Kg8 40. Qb8+ Qxb8
41. Rxb8+ Kf7 42. Rd8 c5 43. Kf1 1-0

[Event "8th Sunway Sitges 2021"]
[Site "Sitges ESP"]
[Date "2021.12.19"]
[Round "6.53"]
[White "Nawin, J J"]
[Black "Grebeniuk, Semen"]
[Result "0-1"]
[WhiteElo "2109"]
[BlackElo "2346"]
[WhiteFideId "45031231"]
[BlackFideId "14117509"]
[EventDate "2021.12.13"]

1. e4 c5 2. Nf3 Nc6 3. Bb5 g6 4. c3 Nf6 5. Qe2 Bg7 6. O-O O-O 7. d4 cxd4 8. cxd4
a6 9. Ba4 b5 10. Bb3 Na5 11. Bc2 d6 12. h3 Bb7 13. Nbd2 Rc8 14. Bd3 Nh5 15. Nb3
Nxb3 16. axb3 e5 17. Bg5 Qb6 18. d5 Ng3 19. Qd2 Nxf1 20. Rxf1 f5 21. Bh6 Qc7 22.
Bxg7 Qxg7 23. Ng5 Qe7 24. exf5 gxf5 25. Bb1 Kh8 26. Ne6 Rf6 27. f4 e4 28. Rc1
Rxc1+ 29. Qxc1 h6 30. Qc3 Bxd5 31. Nc7 Bf7 32. g4 fxg4 33. hxg4 Kg8 34. f5 e3
35. Be4 Qxe4 36. Qxf6 e2 0-1

[Event "8th Sunway Sitges 2021"]
[Site "Sitges ESP"]
[Date "2021.12.19"]
[Round "6.54"]
[White "Vaibhav, Jayant Raut"]
[Black "Srijit, Paul"]
[Result "0-1"]
[BlackTitle "IM"]
[WhiteElo "2097"]
[BlackElo "2340"]
[WhiteFideId "5089034"]
[BlackFideId "5094798"]
[EventDate "2021.12.13"]

1. c4 f5 2. d4 Nf6 3. Nf3 g6 4. g3 Bg7 5. Bg2 O-O 6. O-O d6 7. Nc3 c6 8. Qc2 Na6
9. Rd1 Qe8 10. b3 Nb4 11. Qb1 e5 12. dxe5 dxe5 13. e4 Nxe4 14. Nxe4 fxe4 15. Ng5
Bg4 16. Ba3 Qe7 17. Re1 Rxf2 18. Qxe4 Qxg5 19. Kxf2 Bf5 20. Qe3 Qxe3+ 21. Rxe3
Nc2 22. Bb2 Nxe3 23. Kxe3 Rd8 24. Ke2 Bh6 25. Bc3 Rd3 26. Bb4 e4 27. Re1 Bg4+
28. Kf1 e3 29. h3 e2+ 30. Kg1 Be3+ 31. Kh2 Bf2 32. hxg4 Bxe1 33. Bxe1 Rd1 0-1

[Event "8th Sunway Sitges 2021"]
[Site "Sitges ESP"]
[Date "2021.12.19"]
[Round "6.55"]
[White "Galiana Fernandez, Adrian"]
[Black "Namitbir, Singh Walia"]
[Result "1-0"]
[WhiteTitle "FM"]
[WhiteElo "2333"]
[BlackElo "2093"]
[WhiteFideId "32010150"]
[BlackFideId "35071068"]
[EventDate "2021.12.13"]

1. e4 e5 2. Nf3 Nc6 3. Bb5 a6 4. Ba4 Nf6 5. O-O Be7 6. Re1 b5 7. Bb3 d6 8. c3
O-O 9. h3 Nb8 10. d4 Nbd7 11. c4 c6 12. Qc2 Bb7 13. a3 h6 14. Nc3 Re8 15. Be3
Qc7 16. Rac1 Bf8 17. cxb5 cxb5 18. d5 Rec8 19. Qe2 Qd8 20. Nd2 Nc5 21. Bc2 g6
22. Bb1 Bg7 23. b4 Ncd7 24. Nb3 Nb6 25. Na5 Rab8 26. Bd3 Nfd7 27. a4 Nc4 28.
Nxc4 bxc4 29. Bxc4 Nb6 30. Bxa6 Bxa6 31. Qxa6 Nc4 32. Ba7 Ra8 33. Nb5 Bf8 34.
Rc2 Be7 35. Qb7 Bg5 36. Ree2 Bf4 37. g3 Nd2 38. Bb6 Qf8 39. Rxc8 Rxc8 40. Bc7
Bg5 41. Nxd6 Ra8 42. a5 f5 43. exf5 gxf5 44. Nxf5 Re8 45. Qc6 Kh7 46. Qd7+ Kg8
47. Bd6 1-0

[Event "8th Sunway Sitges 2021"]
[Site "Sitges ESP"]
[Date "2021.12.19"]
[Round "6.56"]
[White "Devnani, Kush"]
[Black "Vitenberg, Noam Aviv"]
[Result "0-1"]
[BlackTitle "FM"]
[WhiteElo "1934"]
[BlackElo "2327"]
[WhiteFideId "45093806"]
[BlackFideId "1532138"]
[EventDate "2021.12.13"]

1. d4 d5 2. Nf3 Nf6 3. c4 e6 4. g3 dxc4 5. Bg2 a6 6. O-O Nc6 7. Nbd2 b5 8. b3
Bb7 9. bxc4 Rb8 10. cxb5 axb5 11. Nb3 Be7 12. Qd3 O-O 13. Bd2 Ba8 14. Na5 Nb4
15. Qb3 Na6 16. Ne5 Bxg2 17. Kxg2 Qxd4 18. Nac6 Qxd2 19. Rad1 Qxe2 20. Nxe7+ Kh8
21. N7c6 Ra8 22. Rfe1 Qh5 23. Qxb5 Nd5 24. Kg1 Nc3 25. g4 Qh4 26. Nxf7+ Rxf7 0-1

[Event "8th Sunway Sitges 2021"]
[Site "Sitges ESP"]
[Date "2021.12.19"]
[Round "6.57"]
[White "Vignesh, B"]
[Black "Fataliyeva, Ulviyya"]
[Result "0-1"]
[BlackTitle "WGM"]
[WhiteElo "1947"]
[BlackElo "2324"]
[WhiteFideId "35051555"]
[BlackFideId "13403052"]
[EventDate "2021.12.13"]

1. e4 e6 2. d4 d5 3. Nc3 Nf6 4. Bg5 dxe4 5. Nxe4 Be7 6. Bxf6 gxf6 7. Nf3 f5 8.
Ng3 h5 9. h4 c5 10. dxc5 Qxd1+ 11. Rxd1 Bxc5 12. Ne5 Ke7 13. Be2 Nc6 14. Nxc6+
bxc6 15. Nxh5 Rb8 16. b3 Bb4+ 17. Kf1 e5 18. Ng3 Be6 19. h5 Rbg8 20. Rh4 e4 21.
Bc4 Rd8 22. Rxd8 Rxd8 23. Kg1 Kf6 24. h6 Kg5 25. Rh3 Bf8 26. h7 Bg7 27. Nf1 f4
28. Bxe6 fxe6 29. g3 e5 30. gxf4+ exf4 31. b4 Bh8 32. Ra3 Rd7 33. Ra5+ Kg6 34.
Ra6 Kf5 35. Ra5+ Kf6 36. Rh5 Kg6 37. Rh3 Kg5 38. Kg2 Kg4 39. Nh2+ Kf5 40. Rh5+
Kf6 41. Rh4 Kg5 42. Kh3 Re7 43. Rg4+ Kf5 44. Kg2 Rxh7 45. Rg8 Bf6 46. Ng4 Bg5
47. Nh2 f3+ 48. Kg1 Rd7 49. Nf1 Rd1 50. Re8 Re1 51. a4 Bf6 52. c4 Bd4 53. c5 Kf6
54. b5 Kf7 55. Rd8 e3 56. fxe3 Bxe3+ 57. Kh2 Rxf1 58. bxc6 f2 59. c7 Rh1+ 60.
Kg3 Rg1+ 61. Kh4 f1=Q 62. Rf8+ Kxf8 63. c8=Q+ Kg7 64. Qd7+ Qf7 0-1

[Event "8th Sunway Sitges 2021"]
[Site "Sitges ESP"]
[Date "2021.12.19"]
[Round "6.58"]
[White "Macias Pino, Diego"]
[Black "Dahale, Atul"]
[Result "1-0"]
[WhiteTitle "FM"]
[WhiteElo "2324"]
[BlackElo "2037"]
[WhiteFideId "24529133"]
[BlackFideId "5037794"]
[EventDate "2021.12.13"]

1. d4 Nf6 2. Bg5 g6 3. Bxf6 exf6 4. c4 Bg7 5. Nc3 O-O 6. g3 d6 7. Bg2 Re8 8. e3
h5 9. h4 c6 10. Nge2 Bg4 11. Qc2 Bxe2 12. Nxe2 f5 13. O-O Nd7 14. b4 Nf6 15. a4
a5 16. b5 Ne4 17. bxc6 bxc6 18. Rab1 Qe7 19. Rb6 Rac8 20. Bxe4 fxe4 21. Rfb1 g5
22. Rb7 Qf6 23. Ra7 Re6 24. Rxa5 c5 25. hxg5 Qxg5 26. Nf4 Ree8 27. Qe2 h4 28.
Qh5 Qxh5 29. Nxh5 hxg3 30. fxg3 cxd4 31. Rg5 Re5 32. Rb5 Kf8 33. Nxg7 Rxg5 34.
Rxg5 d3 35. Nh5 d2 36. Rd5 Rc5 37. Rxd6 Rxh5 38. Rxd2 Ra5 39. Rd4 f5 40. Rd5
Rxa4 41. Rxf5+ Kg7 42. c5 Kg6 43. g4 Ra2 44. Rf2 Ra3 45. Rc2 Kg5 46. c6 Ra8 47.
c7 Rc8 48. Kg2 Kxg4 49. Rc4 Kh4 50. Kf2 Kh3 51. Ke2 Kg4 52. Kd2 Kf3 53. Rc6 Kf2
54. Rf6+ Kg3 55. Rf7 Kg4 56. Kc3 Kg5 57. Kd4 Kg6 58. Rd7 Kf5 59. Kd5 Kf6 60. Kc6 1-0

[Event "8th Sunway Sitges 2021"]
[Site "Sitges ESP"]
[Date "2021.12.19"]
[Round "6.59"]
[White "Karthik, Venkataraman"]
[Black "Bjorkman, Filip"]
[Result "1-0"]
[WhiteTitle "GM"]
[WhiteElo "2506"]
[BlackElo "1994"]
[WhiteFideId "25006479"]
[BlackFideId "1734970"]
[EventDate "2021.12.13"]

1. e4 c5 2. Nf3 Nc6 3. Bb5 g6 4. O-O Bg7 5. c3 Nf6 6. Re1 O-O 7. d4 d5 8. e5 Ne4
9. Be3 Qb6 10. Bxc6 bxc6 11. Qc1 cxd4 12. cxd4 f6 13. Nc3 Nxc3 14. Qxc3 Rb8 15.
b3 Bg4 16. exf6 exf6 17. Bf4 Rbd8 18. Re7 Rd7 19. Rxd7 Bxd7 20. Bd6 Re8 21. h3
Bf8 22. Bxf8 Kxf8 23. Qd2 Kg7 24. Re1 Rxe1+ 25. Qxe1 Kf7 26. Qe3 g5 27. Qd3 Kg7
28. Qc3 a5 29. Qc5 Qxc5 30. dxc5 h6 31. Kf1 f5 32. Ke2 Kf6 33. Ke3 g4 34. Nd4
Ke5 35. f4+ gxf3 36. Nxf3+ Kf6 37. Kf4 Ke6 38. Nd4+ Kf6 39. a3 h5 40. h4 1-0

[Event "8th Sunway Sitges 2021"]
[Site "Sitges ESP"]
[Date "2021.12.19"]
[Round "6.60"]
[White "Saduakassova, Dinara"]
[Black "Kanov, Nikola"]
[Result "1/2-1/2"]
[WhiteTitle "IM"]
[BlackTitle "CM"]
[WhiteElo "2477"]
[BlackElo "2223"]
[WhiteFideId "13700090"]
[BlackFideId "2928531"]
[EventDate "2021.12.13"]

1. e4 e5 2. Nf3 Nc6 3. Bb5 g6 4. c3 a6 5. Ba4 Bg7 6. d4 exd4 7. cxd4 b5 8. Bc2
Nge7 9. d5 Na5 10. Bd2 c5 11. d6 Nec6 12. Bc3 O-O 13. O-O Bb7 14. Bxg7 Kxg7 15.
Nc3 Nc4 16. Bb3 Nb6 17. Bd5 Re8 18. Re1 f6 19. Rc1 Rc8 20. e5 Nxd5 21. Nxd5 Nxe5
22. Nxe5 Bxd5 23. Qxd5 fxe5 24. Rxc5 Rxc5 25. Qxc5 Qc8 26. Qd5 Re6 27. g3 Qf8
28. Rd1 e4 29. Rd2 Qf6 30. Qb7 Rxd6 31. Rxd6 Qxd6 32. Qxe4 Qf6 33. Qe2 Qd4 34.
b3 Qd5 35. h4 Qd4 36. Kg2 Qd5+ 37. Qf3 Qd2 38. a3 h5 39. Qe4 Qd6 40. b4 Kf6 41.
Qf3+ Ke6 42. Qe3+ Kf6 43. f3 Qd1 44. Qf4+ Kg7 45. Qe4 Qd2+ 46. Kh3 Qd1 47. g4
hxg4+ 48. Kxg4 Qg1+ 49. Kf4 Qc1+ 50. Kg4 Qg1+ 51. Kf4 Qc1+ 52. Kg4 1/2-1/2